Towards a better port industry : (Record no. 3001)
[ view plain ]
| 000 -LEADER | |
|---|---|
| fixed length control field | 03486cam a22005658i 4500 |
| 006 - FIXED-LENGTH DATA ELEMENTS--ADDITIONAL MATERIAL CHARACTERISTICS--GENERAL INFORMATION | |
| fixed length control field | m d | | |
| 007 - PHYSICAL DESCRIPTION FIXED FIELD--GENERAL INFORMATION | |
| fixed length control field | cr ||||||||||| |
| 008 - FIXED-LENGTH DATA ELEMENTS--GENERAL INFORMATION | |
| fixed length control field | 200207s2020 enk ob 001 0 eng |
| 040 ## - CATALOGING SOURCE | |
| Original cataloging agency | IMU Kochi Library |
| Language of cataloging | eng |
| 040 ## - CATALOGING SOURCE | |
| Original cataloging agency | |
| Language of cataloging | eng |
| Description conventions | rda |
| 020 ## - INTERNATIONAL STANDARD BOOK NUMBER | |
| International Standard Book Number | 9780203797501 |
| Qualifying information | (ebk) |
| 020 ## - INTERNATIONAL STANDARD BOOK NUMBER | |
| International Standard Book Number | 0203797507 |
| Qualifying information | (ebk) |
| 020 ## - INTERNATIONAL STANDARD BOOK NUMBER | |
| International Standard Book Number | 9781136001604 |
| Qualifying information | (electronic bk. : Mobipocket) |
| 020 ## - INTERNATIONAL STANDARD BOOK NUMBER | |
| International Standard Book Number | 1136001603 |
| Qualifying information | (electronic bk. : Mobipocket) |
| 020 ## - INTERNATIONAL STANDARD BOOK NUMBER | |
| International Standard Book Number | 9781136001444 |
| Qualifying information | (electronic bk. : PDF) |
| 020 ## - INTERNATIONAL STANDARD BOOK NUMBER | |
| International Standard Book Number | 1136001441 |
| Qualifying information | (electronic bk. : PDF) |
| 020 ## - INTERNATIONAL STANDARD BOOK NUMBER | |
| International Standard Book Number | 9781136001529 |
| Qualifying information | (electronic bk. : EPUB) |
| 020 ## - INTERNATIONAL STANDARD BOOK NUMBER | |
| International Standard Book Number | 1136001522 |
| Qualifying information | (electronic bk. : EPUB) |
| 020 ## - INTERNATIONAL STANDARD BOOK NUMBER | |
| Qualifying information | (hbk) |
| 020 ## - INTERNATIONAL STANDARD BOOK NUMBER | |
| Qualifying information | (pbk) |
| 041 0# - LANGUAGE CODE | |
| Language code of text/sound track or separate title | eng |
| 072 #7 - SUBJECT CATEGORY CODE | |
| Subject category code | BUS |
| Subject category code subdivision | 000000 |
| Source | bisacsh |
| 072 #7 - SUBJECT CATEGORY CODE | |
| Subject category code | BUS |
| Subject category code subdivision | 041000 |
| Source | bisacsh |
| 072 #7 - SUBJECT CATEGORY CODE | |
| Subject category code | BUS |
| Subject category code subdivision | 069020 |
| Source | bisacsh |
| 072 #7 - SUBJECT CATEGORY CODE | |
| Subject category code | KCL |
| Source | bicssc |
| 082 00 - DEWEY DECIMAL CLASSIFICATION NUMBER | |
| Classification number | 387.1068 |
| Edition number | 23 |
| 100 1# - MAIN ENTRY--PERSONAL NAME | |
| Personal name | Langen, Peter W. de, |
| 245 10 - TITLE STATEMENT | |
| Title | Towards a better port industry : |
| Sub Title | port development, management and policy / |
| 300 ## - PHYSICAL DESCRIPTION | |
| Extent | 1 online resource |
| 520 ## - SUMMARY, ETC. | |
| Summary, etc | "Towards a Better Port Industry provides professionals in freight transport and maritime logistics, and specifically the port industry, as well as students in these fields with a better conceptual understanding of the port industry. It includes key insights and best practices for port management and development, and an overview of new trends and developments relevant for developing winning strategies. After an introduction, chapter 2 offers a new perspective on port governance, in which public interests, corporatisation, state-ownership, and shareholder policies take a central role. Chapter 3 explains how new trends and developments affect port development and argues that assuming 'business as usual' often leads to major port development mistakes. Chapter four deals with port development and discusses all major port development challenges, including granting concessions, developing a port vision, crafting stakeholder support, choosing port performance indicators and creating a port innovation system. The final chapter deals with port development strategies and includes themes such as strategies of port development companies, pricing and business development. This book will broaden professionals' conceptual understanding of the ports industry, and provide insights on the latest developments in this area. For students, this book provides an industry-focused and non-technical 'essential reading' for gaining a deep understanding of the ports industry"-- |
| 650 #0 - SUBJECT ADDED ENTRY--TOPICAL TERM | |
| Topical term or geographic name as entry element | Harbors |
| General subdivision | Management. |
| 650 #0 - SUBJECT ADDED ENTRY--TOPICAL TERM | |
| Topical term or geographic name as entry element | Freight and freightage. |
| 650 #0 - SUBJECT ADDED ENTRY--TOPICAL TERM | |
| Topical term or geographic name as entry element | Shipping. |
| 650 #7 - SUBJECT ADDED ENTRY--TOPICAL TERM | |
| Topical term or geographic name as entry element | BUSINESS & ECONOMICS / General |
| Source of heading or term | bisacsh |
| 650 #7 - SUBJECT ADDED ENTRY--TOPICAL TERM | |
| Topical term or geographic name as entry element | BUSINESS & ECONOMICS / Management |
| Source of heading or term | bisacsh |
| 650 #7 - SUBJECT ADDED ENTRY--TOPICAL TERM | |
| Topical term or geographic name as entry element | BUSINESS & ECONOMICS / International / Economics |
| Source of heading or term | bisacsh |
| 856 40 - ELECTRONIC LOCATION AND ACCESS | |
| Uniform Resource Identifier | <a href="https://www.taylorfrancis.com/books/9780203797501">https://www.taylorfrancis.com/books/9780203797501</a> |
| 856 42 - ELECTRONIC LOCATION AND ACCESS | |
| Uniform Resource Identifier | <a href="http://www.oclc.org/content/dam/oclc/forms/terms/vbrl-201703.pdf">http://www.oclc.org/content/dam/oclc/forms/terms/vbrl-201703.pdf</a> |
| 904 ## - LOCAL DATA ELEMENT D, LDD (RLIN) | |
| CATALOGER | Rudra Ranjan |
| 905 ## - LOCAL DATA ELEMENT E, LDE (RLIN) | |
| VERIFIER | Rudra Ranjan |
| 942 ## - ADDED ENTRY ELEMENTS (KOHA) | |
| Item type | E-Book |
| 264 #1 - | |
| -- | Abingdon, Oxon ; |
| -- | New York, NY : |
| -- | Routledge, |
| -- | 2020. |
| 336 ## - | |
| -- | text |
| -- | txt |
| -- | rdacontent |
| 337 ## - | |
| -- | computer |
| -- | n |
| -- | rdamedia |
| 338 ## - | |
| -- | online resource |
| -- | nc |
| -- | rdacarrier |
| 520 ## - SUMMARY, ETC. | |
| -- | Provided by publisher. |
| 588 ## - | |
| -- | OCLC-licensed vendor bibliographic record. |
No items available.